Stade Brestois 29 Squad 2024-2025 - Statistics

General Stats
  • This quiz has been taken 74 times
    45 since last reset
  • The average score is 19 of 28
Answer Stats
# Position Nation Player % Correct
19 FW France Ludovic Ajorque
100%
40 GK Netherlands Marco Bizot
97%
5 DF France Brendan Chardonnet
88%
20 MF France Pierre Lees-Melou
88%
10 FW France Romain Del Castillo
88%
17 FW Senegal Abdallah Sima
85%
8 MF France Hugo Magnetti
85%
45 MF France Mahdi Camara
85%
14 FW Guinea-Bissau Mama Baldé
82%
27 DF France Kenny Lala
76%
25 DF France Julien Le Cardinal
74%
6 DF Switzerland Edimilson Fernandes
71%
- Coach France Éric Roy
68%
23 DF France Jordan Amavi
68%
9 MF Mali Kamory Doumbia
68%
22 DF Mali Massadio Haïdara
68%
26 FW France Mathias Pereira Lage
65%
44 DF France Soumaïla Coulibaly
65%
2 DF France Bradley Locko
62%
21 MF France Romain Faivre
62%
3 DF Senegal Abdoulaye Ndiaye
56%
12 DF Ivory Coast Luck Zogbé
53%
30 GK France Grégoire Coudert
47%
28 MF France Jonas Martin
47%
34 FW Morocco Ibrahim Salah
41%
11 MF France Axel Camblan
38%
50 GK Ireland Noah Jauny
35%
18 DF France Justin Bourgault
26%
No matching quizzes found
Score Distribution
Percent of People with Each Score
Percentile by Number Answered
Your Score History
You have not taken this quiz since the last reset